000 00288nam a2200121Ia 4500
008 191201s2011 xx 000 0 und d
100 _aLEVIN, Richard I
245 0 _aStatistics for Management
260 _aN.Delhi
_bPearson
_c2011
300 _a1026+90
650 _aMBA
942 _2ddc
_cBK
999 _c4791
_d4791